| 000 | 00455nam a2200181Ia 4500 | ||
|---|---|---|---|
| 003 | LK-CoDNM | ||
| 008 | 010623t1975 xxu||||| |||| 00| 1 eng d | ||
| 040 |
_aLK-CoDNM _dLK-CoDNM _eLK-CoDNM |
||
| 041 | _aeng | ||
| 080 |
_a39 (5) _bCON |
||
| 100 |
_aPiker, Steven _eed. |
||
| 245 | _aContributions to Asian studies | ||
| 260 |
_bLeiden E.J.Brill _aNetherlands _c1975 |
||
| 300 | _b138, 24 cm | ||
| 650 | _aCulture | ||
| 650 | _aPsychology | ||
| 942 | _cBK | ||
| 999 |
_c109515 _d109515 |
||